000 00639nam a2200169 4500
001 110462
003 ES-MaACL
005 20230906185046.0
007 t|
008 061121s1978 sp r ||||1| spa d
100 1 _aOehmichen, J.P.
_986546
245 1 0 _aCómo deben emplearse los circuitos integrados
_b: estructuras, funcionamiento y aplicaciones de los principales circuitos integrados /
_cJ.P. Oehmichen; traducción de Blanca Arbizu Duralde.
260 _aMadrid ; Zaragoza :
_bParaninfo : Cometa,
_c1978.
300 _a620 p. :
_bil. ;
_c22 cm.
700 1 _aArbizu Duralde, Blanca.
_922399
852 _aES-MaACL
_jA-8837
_bR.97896
999 _c110462
_d110462